[Event "38. Offene Stadtmeisterschaft"]
[Site "Bergisch Gladbach"]
[Date "2016.09.23"]
[Round "5.1"]
[White "Heckötter, Christian"]
[Black "Gutt, Oswald"]
[Result "1/2-1/2"]
[WhiteElo "1985"]
[BlackElo "1874"]
[PlyCount "61"]
[EventDate "2016.??.??"]
[EventType "swiss"]
[EventRounds "7"]

1. d4 Nf6 2. Bg5 Ne4 3. Bf4 c5 4. f3 Qa5+ 5. c3 Nf6 6. d5 e6 7. e4 d6 8. Na3 e5
9. Be3 Be7 10. Nc4 Qc7 11. a4 O-O 12. Bd3 b6 13. Ne2 Bb7 14. b4 Nbd7 15. b5 Nh5
16. O-O f5 17. g3 f4 18. Bd2 g5 19. g4 Nhf6 20. Qb3 Rf7 21. h3 h5 22. Kf2 Kg7
23. Rh1 a5 24. bxa6 Bxa6 25. Rag1 h4 26. Ra1 Rff8 27. Rhb1 Rfb8 28. Qc2 Ra7 29.
Ra2 b5 30. axb5 Bxb5 31. Nc1 1/2-1/2

[Event "38. Offene Stadtmeisterschaft"]
[Site "Bergisch Gladbach"]
[Date "2016.09.23"]
[Round "5.2"]
[White "Eilers, Jochen"]
[Black "Lobbes, Frank"]
[Result "1-0"]
[WhiteElo "1956"]
[BlackElo "1721"]
[PlyCount "143"]
[EventDate "2016.??.??"]
[EventType "swiss"]
[EventRounds "7"]

1. g3 f5 2. e4 d6 3. exf5 Bxf5 4. Qf3 Qc8 5. Bg2 Nc6 6. c3 Nf6 7. Qe2 Ne5 8. d4
Nd3+ 9. Kd1 Nxc1 10. Kxc1 g6 11. Nd2 c6 12. Ngf3 Qc7 13. h3 O-O-O 14. g4 Bd7
15. Ng5 Re8 16. Ne6 Bxe6 17. Qxe6+ Qd7 18. Qe3 Bg7 19. Kc2 e5 20. Rhe1 Kb8 21.
dxe5 Rxe5 22. Qg3 Rhe8 23. Rxe5 Rxe5 24. f4 Re2 25. Bf3 Re7 26. Re1 Qe8 27. Rd1
Nd5 28. Bxd5 cxd5 29. Qd3 Qa4+ 30. Nb3 Qxf4 31. Qxd5 Be5 32. Nd4 a6 33. Rd3
Bxd4 34. Rxd4 Re2+ 35. Kb3 Qe5 36. Qf3 a5 37. Rd5 Qe8 38. Qf4 Re5 39. Rxd6 Qb5+
40. Kc2 Ka8 41. Rd8+ Ka7 42. Qf2+ Qc5 43. Qxc5+ Rxc5 44. Kd3 h5 45. Kd4 Rb5 46.
Rd5 Rxb2 47. gxh5 gxh5 48. Rxa5+ Kb6 49. Rxh5 Rxa2 50. h4 Ra4+ 51. c4 Kc7 52.
Rg5 Kd6 53. h5 Ra1 54. Rg6+ Kd7 55. Kd5 Rd1+ 56. Kc5 Rh1 57. h6 Rh4 58. Rg7+
Ke6 59. Rxb7 Rh5+ 60. Kb4 Kd6 61. h7 Kc6 62. Rg7 Rh4 63. Kc3 Kc5 64. Kd3 Rh3+
65. Ke4 Kxc4 66. Kf5 Kd5 67. Rg5 Rh6 68. Rg7 Rh1 69. Ra7 Rh2 70. Kg6 Ke6 71.
Kg7 Rg2+ 72. Kf8 1-0

[Event "38. Offene Stadtmeisterschaft"]
[Site "Bergisch Gladbach"]
[Date "2016.09.23"]
[Round "5.4"]
[White "Ljuboschiz, Alexander"]
[Black "Nichte, Philipp"]
[Result "1-0"]
[WhiteElo "1998"]
[BlackElo "1438"]
[PlyCount "55"]
[EventDate "2016.??.??"]
[EventType "swiss"]
[EventRounds "7"]

1. e4 e6 2. d4 d5 3. Nc3 Nf6 4. Bg5 Be7 5. e5 Nfd7 6. Bxe7 Qxe7 7. f4 a6 8. Nf3
c5 9. dxc5 Nxc5 10. Bd3 Nc6 11. O-O g6 12. a3 b5 13. Ne2 Bb7 14. Kh1 Rc8 15.
Ned4 Nxd4 16. Nxd4 Nd7 17. Qe2 Nb8 18. c3 O-O 19. Qe3 Nc6 20. Rae1 Nxd4 21.
cxd4 b4 22. axb4 Qxb4 23. f5 exf5 24. Bxf5 Rc6 25. Bd7 f5 26. Bxc6 Bxc6 27. Qc3
Qb6 28. h3 1-0

[Event "38. Offene Stadtmeisterschaft"]
[Site "Bergisch Gladbach"]
[Date "2016.09.23"]
[Round "5.5"]
[White "Salbert, Heinrich"]
[Black "Winckler, Andreas"]
[Result "1/2-1/2"]
[WhiteElo "1899"]
[BlackElo "1718"]
[PlyCount "72"]
[EventDate "2016.??.??"]
[EventType "swiss"]
[EventRounds "7"]

1. e4 c5 2. Nc3 Nc6 3. g3 Nf6 4. Bg2 g6 5. d3 Bg7 6. Be3 d6 7. h3 Bd7 8. Qd2
Nd4 9. Nd1 Rb8 10. c3 Nc6 11. Bh6 O-O 12. Bxg7 Kxg7 13. Ne2 b5 14. O-O Qb6 15.
Kh2 e6 16. f4 Ne7 17. Ne3 Bc6 18. b3 Nd7 19. f5 exf5 20. exf5 Bxg2 21. Kxg2 d5
22. d4 Nf6 23. Ng4 Nxg4 24. hxg4 Ng8 25. Nf4 Nf6 26. g5 Ne4 27. Qe3 cxd4 28.
cxd4 Qd6 29. f6+ Kg8 30. Nd3 Rfe8 31. Ne5 h6 32. gxh6 Nxf6 33. h7+ Kg7 34. Rh1
Ng4 35. Qg5 Nxe5 36. dxe5 Rxe5 1/2-1/2

[Event "38. Offene Stadtmeisterschaft"]
[Site "Bergisch Gladbach"]
[Date "2016.09.23"]
[Round "5.6"]
[White "Behle, Burkhard"]
[Black "Henseler, Klaus"]
[Result "1/2-1/2"]
[WhiteElo "1863"]
[BlackElo "1816"]
[PlyCount "77"]
[EventDate "2016.??.??"]
[EventType "swiss"]
[EventRounds "7"]

1. b4 d5 2. e3 Nf6 3. Bb2 e6 4. b5 Bd6 5. Nf3 O-O 6. c4 c6 7. a4 a6 8. Qb3 axb5
9. axb5 Rxa1 10. Bxa1 Nbd7 11. d4 Ne4 12. c5 Bb8 13. Qa4 cxb5 14. Bxb5 g5 15.
Nfd2 f5 16. f3 Nef6 17. Bd3 Rf7 18. Nc3 Nf8 19. Ne2 Ng6 20. g3 e5 21. e4 fxe4
22. fxe4 Nxe4 23. Nxe4 Be6 24. Nd6 Bxd6 25. cxd6 Qxd6 26. Bxg6 hxg6 27. dxe5
Qb6 28. Bd4 Qb1+ 29. Qd1 Qe4 30. Rf1 Bg4 31. Rxf7 Kxf7 32. e6+ Kxe6 33. Kd2 Kd6
34. Be3 d4 35. Bxg5 d3 36. Bf4+ Ke7 37. Qf1 Bxe2 38. Bg5+ Kd7 39. Qf7+ 1/2-1/2

[Event "38. Offene Stadtmeisterschaft"]
[Site "Bergisch Gladbach"]
[Date "2016.09.23"]
[Round "5.7"]
[White "Weiser, Hans-Josef"]
[Black "Hertling, Jürgen"]
[Result "1-0"]
[WhiteElo "1990"]
[BlackElo "1667"]
[PlyCount "73"]
[EventDate "2016.??.??"]
[EventType "swiss"]
[EventRounds "7"]

1. e4 e5 2. Nf3 Nc6 3. Bc4 Bc5 4. d3 Nf6 5. Bg5 d6 6. c3 O-O 7. Nbd2 a6 8. b4
Ba7 9. O-O Qe7 10. Qb3 Nd8 11. a4 Ne6 12. Be3 Bxe3 13. fxe3 Ng4 14. Rfe1 Ng5
15. h3 Nxf3+ 16. Nxf3 Nf6 17. Ra2 Bd7 18. Qc2 b5 19. Bb3 c5 20. Qd2 c4 21. dxc4
Nxe4 22. Qd3 Bc6 23. axb5 axb5 24. Rxa8 Rxa8 25. cxb5 Nf2 26. Kxf2 e4 27. Qc4
Bb7 28. Nd4 d5 29. Qe2 Qc7 30. Qd2 Kh8 31. Rd1 Qd7 32. Nc6 Qf5+ 33. Kg1 Bxc6
34. bxc6 Rd8 35. c7 Rd6 36. Qxd5 Rxd5 37. Rxd5 1-0

[Event "38. Offene Stadtmeisterschaft"]
[Site "Bergisch Gladbach"]
[Date "2016.09.23"]
[Round "5.8"]
[White "Schüers, Christian"]
[Black "Kulle, Robin"]
[Result "1-0"]
[WhiteElo "1520"]
[BlackElo "1664"]
[PlyCount "55"]
[EventDate "2016.??.??"]
[EventType "swiss"]
[EventRounds "7"]

1. d4 d5 2. Nf3 Nf6 3. Bf4 e6 4. e3 Be7 5. Nbd2 O-O 6. Be2 c5 7. c3 Nc6 8. h3
Nd7 9. O-O f6 10. Rc1 e5 11. dxe5 fxe5 12. Bg3 e4 13. Nh2 Nde5 14. Ng4 Ng6 15.
a3 Be6 16. c4 h5 17. cxd5 Bxd5 18. Nh6+ gxh6 19. Bxh5 Nge5 20. Be2 Bh4 21. Rxc5
Bxg3 22. fxg3 Qd6 23. Rc3 Qg6 24. g4 Qg5 25. Rxf8+ Rxf8 26. Nf1 h5 27. Qxd5+
Rf7 28. Qxe4 1-0

[Event "38. Offene Stadtmeisterschaft"]
[Site "Bergisch Gladbach"]
[Date "2016.09.23"]
[Round "5.9"]
[White "Gnass, Arno"]
[Black "Fey, Helmut"]
[Result "1-0"]
[WhiteElo "1640"]
[BlackElo "1365"]
[PlyCount "95"]
[EventDate "2016.??.??"]
[EventType "swiss"]
[EventRounds "7"]

1. d4 Nf6 2. Nf3 g6 3. e3 Bg7 4. b3 O-O 5. Bb2 d6 6. Bd3 Bg4 7. h3 Bd7 8. Nbd2
Nc6 9. a3 e5 10. dxe5 dxe5 11. Nxe5 Re8 12. Nxd7 Qxd7 13. Nf3 Rad8 14. Qe2 Ne4
15. Bxg7 Kxg7 16. O-O Nc5 17. Bb5 Qe6 18. Rfd1 a6 19. Bc4 Qe7 20. Rxd8 Rxd8 21.
Rd1 b5 22. Rxd8 Nxd8 23. Bd3 Nc6 24. Qe1 Ne4 25. Bxe4 Qxe4 26. Qc3+ Kg8 27. Qd3
Qe7 28. b4 Ne5 29. Nxe5 Qxe5 30. Qd8+ Kg7 31. Qd4 Kf6 32. Kf1 Ke6 33. Qxe5+
Kxe5 34. Ke2 f5 35. f3 g5 36. g4 h6 37. Kd3 fxg4 38. hxg4 Kd5 39. f4 gxf4 40.
exf4 Ke6 41. Ke4 c6 42. Kd4 Kd6 43. f5 Ke7 44. Kc5 Kd7 45. Kb6 Kd6 46. Kxa6 Ke5
47. Kb6 Kd5 48. Kc7 1-0

[Event "38. Offene Stadtmeisterschaft"]
[Site "Bergisch Gladbach"]
[Date "2016.09.23"]
[Round "5.10"]
[White "Hoferichter, Michael"]
[Black "Rosenauer, Horst"]
[Result "0-1"]
[WhiteElo "1351"]
[BlackElo "1870"]
[PlyCount "84"]
[EventDate "2016.??.??"]
[EventType "swiss"]
[EventRounds "7"]

1. e4 e5 2. Nf3 Nc6 3. Bc4 Nf6 4. Ng5 d5 5. exd5 Na5 6. Bb5+ Bd7 7. Qe2 Bd6 8.
O-O O-O 9. Bxd7 Qxd7 10. c4 Rfe8 11. Nc3 c6 12. b3 cxd5 13. cxd5 Rac8 14. Bb2
Bb8 15. Qf3 Rcd8 16. d3 Nxd5 17. Nxd5 Qxd5 18. Qxd5 Rxd5 19. Rfd1 Nc6 20. Rac1
f6 21. Ne4 Nb4 22. d4 Nxa2 23. Rc4 b5 24. Rc5 Red8 25. Rxd5 Rxd5 26. Rd2 Nb4
27. Nc3 Rxd4 28. Rxd4 exd4 29. Nxb5 d3 30. Kf1 Kf7 31. Ke1 a6 32. Na3 Ke6 33.
Bc3 Bd6 34. Kd1 Nd5 35. Nb1 Nxc3+ 36. Nxc3 Ke5 37. Nb1 Kd4 38. h3 Bb4 39. Kc1
Be1 40. f3 Ke3 41. Kd1 Bb4 42. h4 f5 0-1

[Event "38. Offene Stadtmeisterschaft"]
[Site "Bergisch Gladbach"]
[Date "2016.09.23"]
[Round "5.11"]
[White "Schiminowski, Tim"]
[Black "Klein, Andreas"]
[Result "1/2-1/2"]
[WhiteElo "1312"]
[BlackElo "1531"]
[PlyCount "27"]
[EventDate "2016.??.??"]
[EventType "swiss"]
[EventRounds "7"]

1. e4 e6 2. d4 d5 3. exd5 exd5 4. Bd3 Bd6 5. Nf3 Ne7 6. Be3 Bf5 7. O-O Nbc6 8.
c3 Bxd3 9. Qxd3 Qd7 10. Nbd2 O-O-O 11. b4 Nf5 12. Rfe1 h6 13. Nb3 b6 14. Qa6+
1/2-1/2

[Event "38. Offene Stadtmeisterschaft"]
[Site "Bergisch Gladbach"]
[Date "2016.09.23"]
[Round "5.12"]
[White "Paul, Andre David"]
[Black "Felsmann, Helmut"]
[Result "1-0"]
[WhiteElo "1529"]
[BlackElo "1293"]
[PlyCount "75"]
[EventDate "2016.??.??"]
[EventType "swiss"]
[EventRounds "7"]

1. d4 Nf6 2. c4 d6 3. Nf3 Bg4 4. e3 Nbd7 5. Be2 e5 6. Nc3 c6 7. O-O Be7 8. Re1
h6 9. b3 O-O 10. Bb2 Nh7 11. h3 Bf5 12. dxe5 dxe5 13. Na4 Bf6 14. Rc1 Qe7 15.
c5 Rfd8 16. Nd2 e4 17. b4 Ne5 18. Bxe5 Bxe5 19. Qc2 Bc7 20. Nf1 Qg5 21. Kh1 Qh4
22. Kg1 Rd7 23. Rcd1 Rad8 24. Rxd7 Rxd7 25. Rd1 Rxd1 26. Qxd1 Qf6 27. Qd4 Qe6
28. Bc4 Nf6 29. Bxe6 Bxe6 30. Nc3 Bf5 31. Nd2 Nd7 32. Ndxe4 Be5 33. Qd2 Be6 34.
Nd6 b6 35. f4 Bf6 36. f5 Bxc3 37. Qxc3 Bxa2 38. cxb6 1-0

[Event "38. Offene Stadtmeisterschaft"]
[Site "Bergisch Gladbach"]
[Date "2016.09.23"]
[Round "5.13"]
[White "Grothe, Karl-Josef"]
[Black "Blüggel, Theodor"]
[Result "1-0"]
[WhiteElo "1180"]
[BlackElo "888"]
[PlyCount "107"]
[EventDate "2016.??.??"]
[EventType "swiss"]
[EventRounds "7"]

1. e4 e5 2. f4 Nf6 3. fxe5 Nxe4 4. Nf3 Be7 5. d3 Ng5 6. Nxg5 Bxg5 7. Bxg5 Qxg5
8. Qe2 O-O 9. Nd2 Nc6 10. Nf3 Qe7 11. d4 Qb4+ 12. c3 Qe7 13. O-O-O d6 14. exd6
cxd6 15. Qxe7 Nxe7 16. Bd3 Bg4 17. h3 Bxf3 18. gxf3 a6 19. h4 Rae8 20. h5 Nd5
21. Be4 Ne3 22. Rdg1 d5 23. Bd3 Kh8 24. a4 Nc4 25. b3 Nd6 26. Rg5 Re3 27. Kd2
Rxf3 28. Rxd5 Rf6 29. c4 h6 30. c5 Nc8 31. Rd7 b6 32. Bxa6 bxc5 33. Bxc8 Rxc8
34. d5 c4 35. b4 Re8 36. Kc3 Re4 37. b5 Rf3+ 38. Kb4 c3+ 39. Ka5 Rc4 40. d6 c2
41. Rc7 Rfc3 42. Rxc4 Rxc4 43. Rc1 Rd4 44. Rxc2 Rxd6 45. Rc5 Rd8 46. b6 g6 47.
hxg6 fxg6 48. Kb5 g5 49. a5 g4 50. a6 g3 51. b7 g2 52. Rc8 g1=Q 53. Rxd8+ Kg7
54. Rd7+ 1-0

[Event "38. Offene Stadtmeisterschaft"]
[Site "Bergisch Gladbach"]
[Date "2016.09.23"]
[Round "5.15"]
[White "Wilde, Christian"]
[Black "Ramien, Hannah"]
[Result "1-0"]
[WhiteElo "1219"]
[BlackElo "843"]
[PlyCount "67"]
[EventDate "2016.??.??"]
[EventType "swiss"]
[EventRounds "7"]

1. e4 e5 2. Nf3 Nc6 3. d4 d6 4. dxe5 Bg4 5. Be2 Nxe5 6. Nxe5 Bxe2 7. Qxe2 dxe5
8. Qb5+ c6 9. Qxe5+ Qe7 10. Qxe7+ Nxe7 11. b3 g6 12. Bb2 Rg8 13. Nd2 O-O-O 14.
O-O-O Bg7 15. Bxg7 Rxg7 16. Nc4 Rgg8 17. Nd6+ Kc7 18. Nxf7 Rgf8 19. Rxd8 Rxf7
20. Rhd1 Rxf2 21. R1d7+ Kb6 22. Rxe7 Rxg2 23. Rxh7 Kc5 24. e5 Re2 25. Re8 Kd5
26. Rd7+ Ke4 27. h4 Rh2 28. e6 Ke5 29. e7 Ke6 30. Rg8 Kxd7 31. e8=Q+ Kc7 32.
Qe5+ Kd7 33. Rg7+ Kc8 34. Qc7# 1-0

[Event "38. Offene Stadtmeisterschaft"]
[Site "Bergisch Gladbach"]
[Date "2016.09.23"]
[Round "5.16"]
[White "Hoffmann, Julian"]
[Black "Hoffmann, Tobias"]
[Result "1-0"]
[WhiteElo "996"]
[BlackElo "1146"]
[PlyCount "75"]
[EventDate "2016.??.??"]
[EventType "swiss"]
[EventRounds "7"]

1. e4 e5 2. Nf3 Nc6 3. Bb5 Nf6 4. d3 d6 5. Bxc6+ bxc6 6. O-O d5 7. Nxe5 dxe4 8.
dxe4 Qxd1 9. Rxd1 Nxe4 10. Nxc6 Nc5 11. Be3 Bd6 12. b4 Ne6 13. c3 O-O 14. Nxa7
Bd7 15. Na3 Ba4 16. Rd2 Rfd8 17. Nc4 Bd7 18. Nxd6 cxd6 19. Rxd6 Ba4 20. Rxd8+
Rxd8 21. h3 Rd1+ 22. Rxd1 Bxd1 23. b5 Nd8 24. Nc6 Nb7 25. Bd2 Kf8 26. c4 Be2
27. Na5 Nd8 28. f3 Ke8 29. Kf2 Bd3 30. b6 Bxc4 31. Nxc4 Nb7 32. a4 Kd8 33. a5
Kc8 34. a6 Nc5 35. a7 Kb7 36. Be3 Nd7 37. Na5+ Ka8 38. b7# 1-0

[Event "38. Offene Stadtmeisterschaft"]
[Site "Bergisch Gladbach"]
[Date "2016.10.07"]
[Round "6.1"]
[White "Themm, Rainer"]
[Black "Heckötter, Christian"]
[Result "1/2-1/2"]
[WhiteElo "1871"]
[BlackElo "1985"]
[PlyCount "38"]
[EventDate "2016.??.??"]
[EventType "swiss"]
[EventRounds "7"]

1. e4 e6 2. d4 d5 3. e5 c5 4. c3 Qb6 5. Nf3 Nc6 6. Be2 Nh6 7. Qb3 Qxb3 8. axb3
cxd4 9. Bxh6 gxh6 10. Nxd4 Nxd4 11. cxd4 Bd7 12. Nc3 Bb4 13. O-O O-O 14. f4 f6
15. Rf3 fxe5 16. Rg3+ Kh8 17. fxe5 a6 18. Rh3 Kg7 19. Rg3+ Kh8 1/2-1/2

[Event "38. Offene Stadtmeisterschaft"]
[Site "Bergisch Gladbach"]
[Date "2016.09.30"]
[Round "6.2"]
[White "Gutt, Oswald"]
[Black "Eilers, Jochen"]
[Result "1/2-1/2"]
[WhiteElo "1874"]
[BlackElo "1956"]
[PlyCount "31"]
[EventDate "2016.??.??"]
[EventType "swiss"]
[EventRounds "7"]

1. c4 g6 2. g3 Bg7 3. Bg2 d6 4. Nf3 c5 5. O-O Nc6 6. Nc3 e5 7. a3 Nge7 8. b4
O-O 9. Rb1 Rb8 10. b5 Nd4 11. Ne1 b6 12. e3 Ne6 13. Bb2 Bb7 14. Bxb7 Rxb7 15.
Qf3 Qd7 16. Nd5 1/2-1/2

[Event "38. Offene Stadtmeisterschaft"]
[Site "Bergisch Gladbach"]
[Date "2016.10.07"]
[Round "6.3"]
[White "Lobbes, Frank"]
[Black "Ljuboschiz, Alexander"]
[Result "0-1"]
[WhiteElo "1721"]
[BlackElo "1998"]
[PlyCount "80"]
[EventDate "2016.??.??"]
[EventType "swiss"]
[EventRounds "7"]

1. e4 e5 2. Nf3 Nc6 3. Bb5 a6 4. Ba4 Nf6 5. O-O Bc5 6. Re1 b5 7. Bb3 d6 8. c3
O-O 9. h3 Bb7 10. d4 Bb6 11. d5 Ne7 12. Bg5 Ng6 13. Bc2 h6 14. Be3 Bxe3 15.
Rxe3 c6 16. dxc6 Bxc6 17. Nbd2 Nf4 18. Kh2 Qd7 19. Ng1 Rad8 20. g3 Ne6 21. Ndf3
Nc5 22. Nd2 d5 23. Qe2 d4 24. cxd4 exd4 25. Rd3 Nxd3 26. Qxd3 Rfe8 27. Re1 g6
28. Ngf3 Qb7 29. e5 Nd5 30. Bb3 Ne7 31. Ne4 Bxe4 32. Rxe4 Qb6 33. Nh4 Kg7 34.
Rf4 Nd5 35. Bxd5 Rxd5 36. Qf3 Rd7 37. Qg4 Qe6 38. Nf5+ Kh7 39. Nxd4 Qxg4 40.
hxg4 Rxe5 0-1

[Event "38. Offene Stadtmeisterschaft"]
[Site "Bergisch Gladbach"]
[Date "2016.10.07"]
[Round "6.4"]
[White "Henseler, Klaus"]
[Black "Weiser, Hans-Josef"]
[Result "1/2-1/2"]
[WhiteElo "1816"]
[BlackElo "1990"]
[PlyCount "35"]
[EventDate "2016.??.??"]
[EventType "swiss"]
[EventRounds "7"]

1. c4 e6 2. g3 d5 3. Bg2 c6 4. Nf3 Nf6 5. O-O Nbd7 6. b3 Bd6 7. d4 O-O 8. Bb2
Ne4 9. Nfd2 Nxd2 10. Qxd2 Nf6 11. Nc3 b6 12. cxd5 cxd5 13. Rac1 Bb7 14. a3 Rc8
15. Nb5 Bb8 16. Rxc8 Qxc8 17. Nc3 Qd7 18. Rd1 1/2-1/2

[Event "38. Offene Stadtmeisterschaft"]
[Site "Bergisch Gladbach"]
[Date "2016.10.07"]
[Round "6.5"]
[White "Gnass, Arno"]
[Black "Salbert, Heinrich"]
[Result "1/2-1/2"]
[WhiteElo "1640"]
[BlackElo "1899"]
[PlyCount "55"]
[EventDate "2016.??.??"]
[EventType "swiss"]
[EventRounds "7"]

1. d4 g6 2. Nf3 Bg7 3. e3 f5 4. b3 Nf6 5. Bb2 e6 6. Nbd2 b6 7. Be2 Bb7 8. O-O
O-O 9. c4 Qe7 10. a4 d6 11. Qc2 Nbd7 12. Rfe1 e5 13. dxe5 Nxe5 14. a5 c5 15.
Ra2 Rfe8 16. Rea1 Neg4 17. Qd3 Ne4 18. Rf1 Bh6 19. Nxe4 fxe4 20. Qc3 Kf7 21.
Nd2 Nf6 22. axb6 axb6 23. Rfa1 Rxa2 24. Rxa2 Ra8 25. Rxa8 Bxa8 26. Qxf6+ Qxf6
27. Bxf6 Kxf6 28. Nb1 1/2-1/2

[Event "38. Offene Stadtmeisterschaft"]
[Site "Bergisch Gladbach"]
[Date "2016.10.07"]
[Round "6.6"]
[White "Nichte, Philipp"]
[Black "Behle, Burkhard"]
[Result "1/2-1/2"]
[WhiteElo "1438"]
[BlackElo "1863"]
[PlyCount "47"]
[EventDate "2016.??.??"]
[EventType "swiss"]
[EventRounds "7"]

1. e4 c6 2. Nc3 d5 3. d4 dxe4 4. Nxe4 e5 5. Nf3 exd4 6. Qxd4 Qxd4 7. Nxd4 a6 8.
Bf4 c5 9. Nf3 Bf5 10. Nd6+ Bxd6 11. Bxd6 Bxc2 12. Bxc5 Nd7 13. Bd4 Ngf6 14. Be2
O-O 15. O-O Rfe8 16. Rfe1 Rac8 17. Bf1 Be4 18. Ng5 Bd5 19. a3 h6 20. Nh3 g5 21.
f3 Be6 22. Nf2 Nd5 23. Rac1 Bf5 24. Rxc8 1/2-1/2

[Event "38. Offene Stadtmeisterschaft"]
[Site "Bergisch Gladbach"]
[Date "2016.10.07"]
[Round "6.8"]
[White "Hertling, Jürgen"]
[Black "Schüers, Christian"]
[Result "1-0"]
[WhiteElo "1667"]
[BlackElo "1520"]
[PlyCount "77"]
[EventDate "2016.??.??"]
[EventType "swiss"]
[EventRounds "7"]

1. d4 d5 2. c4 e6 3. Nc3 Nf6 4. cxd5 Nxd5 5. e4 Nb6 6. Nf3 Be7 7. Bd3 a5 8. O-O
Na6 9. a3 O-O 10. Be3 Bd7 11. Rc1 Qe8 12. Ne5 c6 13. Nxd7 Nxd7 14. e5 f5 15.
exf6 Nxf6 16. Qb3 Qd7 17. Na4 Nd5 18. Nb6 Nxb6 19. Qxb6 Bd8 20. Qb3 Kh8 21. Qc2
h6 22. Qd2 Bb6 23. Bc4 Rf6 24. Rcd1 Nc7 25. Bf4 Nd5 26. Be5 Rg6 27. Bd3 Rg4 28.
Qxh6+ Kg8 29. Qh7+ Kf8 30. Qh8+ Ke7 31. Qxa8 Bxd4 32. Bxd4 Rxd4 33. Bc2 Rxd1
34. Rxd1 Qc7 35. Qg8 Qe5 36. Kf1 Qxb2 37. Re1 Qxc2 38. Rxe6+ Kd7 39. Qf7+ 1-0

[Event "38. Offene Stadtmeisterschaft"]
[Site "Bergisch Gladbach"]
[Date "2016.10.07"]
[Round "6.9"]
[White "Rosenauer, Horst"]
[Black "Klein, Andreas"]
[Result "1-0"]
[WhiteElo "1870"]
[BlackElo "1531"]
[PlyCount "45"]
[EventDate "2016.??.??"]
[EventType "swiss"]
[EventRounds "7"]

1. e4 e6 2. d4 d5 3. Nc3 Bb4 4. e5 Ne7 5. a3 Bxc3+ 6. bxc3 c5 7. Be2 Qa5 8. Bd2
Qa4 9. Nf3 Nbc6 10. Bc1 b6 11. O-O Ba6 12. Bxa6 Qxa6 13. Re1 Qa4 14. Bb2 O-O
15. Qd2 Rac8 16. Re2 Na5 17. Qd3 Nc4 18. Bc1 Ng6 19. h4 Rc7 20. h5 Ne7 21. Ng5
g6 22. hxg6 Nxg6 23. Qh3 1-0

[Event "38. Offene Stadtmeisterschaft"]
[Site "Bergisch Gladbach"]
[Date "2016.10.04"]
[Round "6.12"]
[White "Fey, Helmut"]
[Black "Paul, Andre David"]
[Result "0-1"]
[WhiteElo "1365"]
[BlackElo "1529"]
[PlyCount "114"]
[EventDate "2016.??.??"]
[EventType "swiss"]
[EventRounds "7"]

1. e4 e6 2. d4 d5 3. Nc3 dxe4 4. Nxe4 Be7 5. Nf3 h6 6. Be2 Nc6 7. O-O Nf6 8.
Ng3 O-O 9. Be3 Bd6 10. c3 Nd5 11. Qd2 Nxe3 12. Qxe3 Ne7 13. Rad1 Nd5 14. Qe4
Bd7 15. Bd3 g6 16. Rfe1 f5 17. Qh4 Qxh4 18. Nxh4 Kg7 19. Nf3 Rae8 20. Ne5 Bc8
21. Ne2 g5 22. g3 Ne7 23. Nc4 Ng6 24. Nxd6 cxd6 25. f4 Bd7 26. Kf2 Kf6 27. Ng1
gxf4 28. gxf4 Nxf4 29. Bf1 Rg8 30. Re3 Bc6 31. Rg3 Rg4 32. Ne2 Nxe2 33. Bxe2
Reg8 34. Rdg1 e5 35. h4 Rxg3 36. Rxg3 Rxg3 37. Kxg3 Be4 38. Bh5 f4+ 39. Kf2 Bg6
40. Be2 e4 41. Bc4 Kf5 42. Bd5 b6 43. b4 Kg4 44. c4 Kf5 45. c5 dxc5 46. bxc5
bxc5 47. dxc5 Ke5 48. Bc6 Kd4 49. a4 Kxc5 50. Bb5 Kd4 51. Ke2 Kc3 52. Bc6 Bh5+
53. Ke1 Kd3 54. Bb5+ Ke3 55. Kf1 Kd2 56. Bc6 e3 57. Bb5 f3 0-1

[Event "38. Offene Stadtmeisterschaft"]
[Site "Bergisch Gladbach"]
[Date "2016.10.07"]
[Round "6.15"]
[White "Wilde, Christian"]
[Black "Hoferichter, Michael"]
[Result "1-0"]
[WhiteElo "1219"]
[BlackElo "1351"]
[PlyCount "141"]
[EventDate "2016.??.??"]
[EventType "swiss"]
[EventRounds "7"]

1. c4 c5 2. Nc3 Nc6 3. a3 a6 4. g3 Nf6 5. Bg2 e6 6. Nf3 Be7 7. O-O O-O 8. d4
cxd4 9. Nxd4 Rb8 10. b4 Nxd4 11. Qxd4 b5 12. cxb5 Qb6 13. Qxb6 Rxb6 14. Be3 Rb8
15. Ba7 Rxb5 16. e4 Rb7 17. Bd4 Rc7 18. e5 Ne8 19. Ne4 Bb7 20. Nc5 Bxg2 21.
Kxg2 Ra7 22. Nb3 Ra8 23. Rfc1 f6 24. exf6 Nxf6 25. Bxf6 Bxf6 26. Ra2 Rac8 27.
Rac2 Rxc2 28. Rxc2 d6 29. Rc6 Rd8 30. Rxa6 d5 31. Rxe6 d4 32. Re1 d3 33. Rd1
Bc3 34. b5 d2 35. a4 Ra8 36. b6 Rxa4 37. Nxd2 Rb4 38. Nb1 Bb2 39. Rd8+ Kf7 40.
Nd2 Ke7 41. Rc8 Rxb6 42. Nc4 Rb7 43. Nxb2 Rxb2 44. Rc7+ Kf8 45. Rc8+ Kf7 46.
Rc7+ Kf8 47. h4 Re2 48. h5 h6 49. g4 Re4 50. Kg3 Re1 51. Kf4 Rg1 52. f3 Rf1 53.
Rc3 Kf7 54. Kf5 Re1 55. f4 Rf1 56. Rc7+ Kg8 57. Kg6 Rxf4 58. Rxg7+ Kf8 59. Kxh6
Rf6+ 60. Rg6 Rf7 61. Kg5 Rh7 62. h6 Rf7 63. Rf6 Ke7 64. Rxf7+ Kxf7 65. Kf5 Kf8
66. Kf6 Kg8 67. g5 Kh8 68. g6 Kg8 69. h7+ Kh8 70. g7+ Kxh7 71. Kf7 1-0

[Event "38. Offene Stadtmeisterschaft"]
[Site "Bergisch Gladbach"]
[Date "2016.10.07"]
[Round "6.16"]
[White "Ramien, Hannah"]
[Black "Felsmann, Helmut"]
[Result "0-1"]
[WhiteElo "843"]
[BlackElo "1293"]
[PlyCount "146"]
[EventDate "2016.??.??"]
[EventType "swiss"]
[EventRounds "7"]

1. e4 d6 2. d4 e5 3. dxe5 dxe5 4. Qxd8+ Kxd8 5. Nf3 f6 6. Nc3 Bg4 7. Bc4 Nc6 8.
Be3 Bb4 9. O-O-O+ Bd6 10. Bc5 Bxf3 11. gxf3 Kd7 12. Nb5 Nd4 13. Nxd4 exd4 14.
Rxd4 Ke7 15. Rhd1 Rd8 16. f4 Nh6 17. Bxd6+ Rxd6 18. e5 Rxd4 19. Rxd4 Rd8 20.
Rxd8 Kxd8 21. Kd2 Ke7 22. Kd3 Ng4 23. f3 Nf2+ 24. Kd2 Nh3 25. Ke3 fxe5 26. fxe5
g5 27. Bf1 Nf4 28. h4 h6 29. Bc4 Ng2+ 30. Kf2 Nxh4 31. Kg3 Ng6 32. e6 Kf6 33.
Kg4 Ne5+ 34. Kh5 Nxc4 35. Kxh6 Ne5 36. e7 Kxe7 37. Kxg5 Nxf3+ 38. Kf4 Nd4 39.
c3 Ne6+ 40. Ke5 c6 41. b4 Nc7 42. a4 Nd5 43. Kd4 Kd7 44. Kc4 a6 45. Kd4 b6 46.
Kc4 Kd6 47. Kb3 Ne3 48. c4 c5 49. bxc5+ Kxc5 50. Kc3 a5 51. Kb3 Nxc4 52. Kc3
Ne5 53. Kb3 Kd4 54. Ka3 Kc3 55. Ka2 Kb4 56. Kb2 Kxa4 57. Ka2 b5 58. Kb2 b4 59.
Ka2 Nc4 60. Kb1 b3 61. Kc1 Ka3 62. Kb1 b2 63. Kc2 Ka2 64. Kc3 b1=Q 65. Kxc4 Ka3
66. Kd4 Kb4 67. Kd5 Qe1 68. Kd4 Qe6 69. Kd3 Kc5 70. Kc3 Qe4 71. Kd2 Kc4 72. Kd1
Kc3 73. Kc1 Qe1# 0-1

[Event "38. Offene Stadtmeisterschaft"]
[Site "Bergisch Gladbach"]
[Date "2016.10.07"]
[Round "6.17"]
[White "Blüggel, Theodor"]
[Black "Hoffmann, Tobias"]
[Result "1-0"]
[WhiteElo "888"]
[BlackElo "1146"]
[PlyCount "77"]
[EventDate "2016.??.??"]
[EventType "swiss"]
[EventRounds "7"]

1. e4 e5 2. f4 Nc6 3. Nf3 Nf6 4. c3 Nxe4 5. d3 Nf6 6. Be2 d6 7. O-O Be7 8. fxe5
dxe5 9. b4 O-O 10. Nbd2 Ng4 11. Ne4 Bf5 12. h3 Bxe4 13. dxe4 Nf6 14. Bd3 b6 15.
Be3 a5 16. b5 Na7 17. Qe2 Bc5 18. Rad1 Qe7 19. Kh1 Bxe3 20. Qxe3 Qc5 21. Qxc5
bxc5 22. Nxe5 Rae8 23. Nc6 Nxc6 24. bxc6 Re6 25. Rfe1 Rxc6 26. Re2 h6 27. Red2
Re8 28. Bc4 Nxe4 29. Rd8 Nf2+ 30. Kh2 Rxd8 31. Rxd8+ Kh7 32. Bxf7 Rb6 33. h4
Ng4+ 34. Kh3 Nf6 35. g4 Rd6 36. Rf8 Rd3+ 37. Kg2 Nxg4 38. h5 Nf6 39. Bg6# 1-0